00556nam a22001697a 450000500170000001000150001702000260003203500140005803700130007208200100008510000250009524500910012026000470021127000850025830000210034370000220036420170824114820.0 aENG-120092 a9789380374161c300.00 aEN-103624 bDBAD/PUB a540.2 aMuwal, Pradeep Kumar aGroup theory & Bioinorganic Chemistry / cby Pradeep Kumar Muwal [and] Jitender Sharma aJaipur (Rajasthan)bPreeta Prakashanc2016 aA-511, Siddharth Nagar Near Jawhar Circle, JLN Marg,bJaipur (Rajasthan)e302017 a156p.c28cm(pbk) aSharma, Jitender